Online
Catalog

El síndrome de Heinz y otros cuentos / (Record no. 46245)

MARC details
000 -CABECERA
campo de control de longitud fija 01664nam a2200289 a 4500
001 - NÚMERO DE CONTROL
campo de control 000046756
003 - IDENTIFICADOR DEL NÚMERO DE CONTROL
campo de control DO-SdBNP
005 - FECHA Y HORA DE LA ÚLTIMA TRANSACCIÓN
campo de control 20240313073820.0
007 - CAMPO FIJO DE DESCRIPCIÓN FÍSICA--INFORMACIÓN GENERAL
campo de control de longitud fija ta
008 - DATOS DE LONGITUD FIJA--INFORMACIÓN GENERAL
campo de control de longitud fija 180322s2016 dr 000 j spa d
020 ## - NÚMERO INTERNACIONAL ESTÁNDAR DEL LIBRO
Número Internacional Estándar del Libro 9789945590371
040 ## - FUENTE DE LA CATALOGACIÓN
Centro catalogador/agencia de origen DO-SdBNP
Lengua de catalogación spa
Centro/agencia transcriptor BNPHU
111 2# - ENTRADA PRINCIPAL--NOMBRE DE CONGRESO/REUNIÓN
Nombre de congreso/reunión o jurisdicción como elemento de entrada Premio Funglode de Cuento Juan Bosch
Fecha del congreso/reunión (2015 :
Sede del congreso/Lugar de la reunión Santo Domingo)
9 (RLIN) 74698
245 13 - MENCIÓN DE TÍTULO
Título El síndrome de Heinz y otros cuentos /
Mención de responsabilidad, etc. Leo Silverio, Stanislaw Peña, Víctor de Frías, Yaina Rodríguez, Aracelis Mireles, Katiusca Vargas, Keiselim A. Montás, Elizabeth Villamán.
260 ## - PUBLICACIÓN, DISTRIBUCIÓN, ETC.
Lugar de publicación, distribución, etc. Santo Domingo :
Nombre del editor, distribuidor, etc. Funglode,
Fecha de publicación, distribución, etc. 2016.
300 ## - DESCRIPCIÓN FÍSICA
Extensión 112 p. ;
Dimensiones 23 cm.
490 1# - MENCIÓN DE SERIE
Mención de serie Premios Funglode/GFDD
-- Cuentos
505 0# - NOTA DE CONTENIDO CON FORMATO
Información miscelánea Primer lugar/
Título El síndrome de Heinz /
Mención de responsabilidad Leo Silverio --
Información miscelánea Segundo lugar
Título Ni centurión ni pretoriano /
Mención de responsabilidad Stanislaw Peña --
Información miscelánea Tercer lugar
Título A dead man doesn't speak /
Mención de responsabilidad Víctor de Frías --
Información miscelánea Menciones
Título Un mundo gris /
Mención de responsabilidad Yaina Rodríguez
Información miscelánea Menciones
Título Librisfuss /
Mención de responsabilidad Aracelis Mireles ;
Información miscelánea Menciones
Título Crónica de un día cualquiera /
Mención de responsabilidad Katiusca Vargas ;
Información miscelánea Menciones
Título Típica historia de fea rica que se casa con un bello pobre /
Mención de responsabilidad Yaina Rodríguez
Información miscelánea Menciones
Título ¿Que no es fútil en la vida? /
Mención de responsabilidad Keiselim A. Montás ;
Información miscelánea Menciones
Título La señora Lake /
Mención de responsabilidad Elizabeth Villamán.
586 ## - NOTA DE PREMIOS
Nota de premios Premio Funglode de Cuento Juan Bosch, 2015
590 ## - NOTA LOCAL (RLIN)
Nota local Inventariado, 2018 /LP
700 1# - PUNTO DE ACCESO ADICIONAL--NOMBRE DE PERSONA
Nombre de persona Silverio, Leo
Título de la obra El síndrome de Heinz
9 (RLIN) 75122
700 12 - PUNTO DE ACCESO ADICIONAL--NOMBRE DE PERSONA
Nombre de persona Peña, Stanislaw
9 (RLIN) 74700
700 12 - PUNTO DE ACCESO ADICIONAL--NOMBRE DE PERSONA
Nombre de persona Frías, Victor de
Título de la obra A dead man doesn't speak /
9 (RLIN) 74701
710 22 - PUNTO DE ACCESO ADICIONAL--NOMBRE DE ENTIDAD CORPORATIVA
Nombre de entidad corporativa o nombre de jurisdicción como elemento de entrada Fundación Global Democracía y Desarrollo
9 (RLIN) 25477
830 #0 - PUNTO DE ACCESO ADICIONAL DE SERIE-TÍTULO UNIFORME
Título uniforme Premios Funglode/GFDD ;
Nombre de parte o sección de la obra Cuentos
9 (RLIN) 74702
942 ## - ELEMENTOS DE PUNTO DE ACCESO ADICIONAL (KOHA)
Fuente del sistema de clasificación o colocación Dewey Decimal Classification
Tipo de ítem Koha Libro
Holdings
Estado de retiro Estado de pérdida Fuente del sistema de clasificación o colocación Restricciones de uso No para préstamo Código de colección Localización permanente Ubicación/localización actual Ubicación en estantería Fecha de adquisición Código de barras Fecha visto por última vez Número de copia Precio válido a partir de Tipo de ítem Koha
    Dewey Decimal Classification Préstamo en sala   Dominicana de Servicio Biblioteca Nacional Pedro Henríquez Ureña Biblioteca Nacional Pedro Henríquez Ureña Depósito 22.03.2018 46756-30 25.06.2020 e.3 25.06.2020 Libro
    Dewey Decimal Classification Excluido de préstamo   Patrimonio Dominicano Biblioteca Nacional Pedro Henríquez Ureña Biblioteca Nacional Pedro Henríquez Ureña Depósito 22.03.2018 46756-10 25.06.2020   25.06.2020 Libro
    Dewey Decimal Classification Excluido de préstamo   Patrimonio Dominicano Biblioteca Nacional Pedro Henríquez Ureña Biblioteca Nacional Pedro Henríquez Ureña Depósito 22.03.2018 46756-20 25.06.2020 e. 2 25.06.2020 Libro

Powered by Koha